| 000 | 00790nam a2200265 a 4500 | ||
|---|---|---|---|
| 001 | ASIN1847373550 | ||
| 005 | 20170105102905.0 | ||
| 008 | 131022s xxu eng d | ||
| 020 | _a1847373550 (hardcover) | ||
| 020 | _a9781847373557 (hardcover) | ||
| 040 | _a0 | ||
| 050 | 0 | 4 | _aDS384 |
| 082 | 0 | 4 | _a954.9105 |
| 100 | 1 | _aAli, Tariq. | |
| 245 | 1 | 4 |
_aThe duel : _bpakistan on the flight path of american power / _cTariq Ali. |
| 260 |
_a[S.l.] : _bSimon & Schuster UK, |
||
| 300 |
_a1 v. (unpaged) ; _c24 cm. |
||
| 650 | 0 | _aInternational relations | |
| 650 | 0 | _aPakistan | |
| 650 | 0 | _aPolitical science | |
| 650 | 0 | _aUnited States | |
| 650 | 0 | _aWorld politics | |
| 856 | 4 | 0 |
_3Amazon.com _uhttp://www.amazon.com/exec/obidos/ASIN/1847373550/chopaconline-20 |
| 942 |
_2ddc _cBK |
||
| 999 |
_c14814 _d14814 |
||